Detalles MARC
| 000 -LIDER |
| fixed length control field |
01102cam a22003253a 4500 |
| 001 - NÚMERO DE CONTROL |
| Identificador de número de control |
0000698 |
| 003 - IDENTIFICACDOR DE NÚMERO DE CONTROL |
| control field |
DO-SdBNP |
| 005 - DATE AND TIME OF LATEST TRANSACTION |
| control field |
20171110120418.0 |
| 007 - CAMPOS FIJOS DE DESCRIPCIÓN FÍSICA |
| fixed length control field |
0000698 |
| 008 - ELEMENTOS DE LONGITUD FIJA |
| fixed length control field |
861112 2010 sp c 000 0 spa d |
| 010 ## - NUMERO DE CONTROL DE BIBLIOTECA DEL CONGRESO |
| LC control number |
|
| 020 ## - ISBN |
| International Standard Book Number |
9789972209949 |
| 040 ## - FUENTE DE CATALOGACIÓN |
| Agencia que crea de manera original el registro |
BPMSU |
| Agencia que realiza la transcripción |
spa |
| Agencia que realiza la modificación |
BPMSU |
| -- |
|
| 082 #4 - NÚMERO DE CLASIFICACIÓN DECIMAL DE DEWEY |
| Classification number |
641.86 |
| Edition number |
M516r |
| 245 04 - MENCIÓN DE TITULO |
| Título |
Las mejores recetas con chocolate / |
| Mención de responsabilidad |
dirección culinaria, preparación y styling Giovanna Maggiolo ; fotografía Jaime Gianella |
| 260 ## - PUBLICACIÓN, DISTRIBUCIÓN, ETC. (PIE DE IMPRENTA) |
| Lugar de publicación, distribución, etc |
Barcelona : |
| Nombre del editor, distribuidor, etc. |
Lexus, |
| Fecha de publicación, distribución, etc |
2010. |
| 300 ## - DESCRIPCIÓN FÍSICA |
| Extensión |
221 p. : |
| Otros detalles físicos |
retratos ; |
| Dimensiones |
35 cm. |
| 500 ## - NOTA GENERAL |
| Nota general |
|
| 505 2# - NOTA DE CONTENIDO |
| Título |
Introducción -- |
| -- |
Glosario -- |
| -- |
Utensilios -- |
| -- |
Técnicas y recetas clave -- |
| -- |
Cakes y muffins -- |
| -- |
Galletas y brownies -- |
| -- |
Tartas y cheesecakes -- |
| -- |
Frutas, trufas y bombones -- |
| -- |
Bebidas y helados -- |
| 600 ## - ENCABEZAMIENTO DE MATERIA--NOMBRE PERSONAL |
| Nombre personal |
|
| Subdivisión temática general |
|
| 650 #4 - ENCABEZAMIENTO DE MATERIA--TEMÁTICO |
| Término temático o nombre geográfico como elemento de entrada |
CONFITERIA |
| 650 #4 - ENCABEZAMIENTO DE MATERIA--TEMÁTICO |
| Término temático o nombre geográfico como elemento de entrada |
DULCES |
| 650 #4 - ENCABEZAMIENTO DE MATERIA--TEMÁTICO |
| Término temático o nombre geográfico como elemento de entrada |
CHOCOLATE |
| 700 12 - ASIENTO SECUNDARIO -- NOMBRE PERSONAL |
| Nombre personal |
Maggiolo, Giovanna |
| 700 12 - ASIENTO SECUNDARIO -- NOMBRE PERSONAL |
| Nombre personal |
Gianella, Jaime |
| Mención de responsabilidad |
fot. |
| 910 ## - VALIDACIÓN |
| Validación |
Validado. Control de calidad MFF |
| 942 ## - ADDED ENTRY ELEMENTS (KOHA) |
| Source of classification or shelving scheme |
Dewey Decimal Classification |
| Koha item type |
Libros |
| 945 ## - INFORMACIÓN DE PROCESAMIENTO LOCAL |
| Información de procesamiento local |
Inventariado, 2017/MFF |
| 956 ## - LOCAL ELECTRONIC LOCATION AND ACCESS (OCLC) |
| Método de acceso |
YLOCKWARD |
| Materiales especificados |
10 |
| Campo enlazado y núm. de secuencia |
BPMSU |